01652nam a22003137a 4500003000400000005001700004008004100021040002200062082001500084110002800099245001400127260006200141300001800203366000800221490002300229505034300252505001000595505030400605505001500909650004100924650004400965650004701009650004801056650004701104650004701151650004601198650004901244651004501293OSt20230525095537.0221006b |||||||| |||| 00| 0 eng d cBiblioteca Lado V a700bG599c aGoethe-InstituteEditor aHumboldt/ bSDV Saarbrucker Druckerei und Verlag GmbHc2003aAlemania c21x28cma76p. espa a139v45x0018-7615 aEl escándalo del poder...gUlrich Beck Jurgen Habermas Gunther Maihold Fernando Bryce El accidente es universal El bracero de una identidad globalizada Los sacrificios humanos en el teatro musical moderno El dramaturgo y los señores de la guerra Nosotros, los vandalos El quinto censor Gunter Muchler Un terremoto en Chile aNotas aMiscelaneagAztecas Voyeurismo en el lupanar De la necesidad de dar buena acogida a las mujeres extranjeras Revaluacion de dos artistas Hacia nuevas orillas literarias Lo que me atrae es la linea curva y sensual El diablo trsita La cabeza es redonda para las ideas pueden cambiar de direccion aNoticiario 2Tesauro de Arte & ArquitecturaaARTE 2Tesauro de Arte & ArquitecturaaPINTURA 2Tesauro de Arte & ArquitecturaaFOTOGRAFIA 2Tesauro de Arte & ArquitecturaaENTREVISTAS 2Tesauro de Arte & ArquitecturaaMISCELANEA 2Tesauro de Arte & ArquitecturaaREPORTAJES 2Tesauro de Arte & ArquitecturaaESPAÑOL 2Tesauro de Arte & ArquitecturaaARTE EUROPEO 2Tesauro de Arte & ArquitecturaaALEMANIA